Reversed South America Map Quiz - Statistics

General Stats
  • This quiz has been taken 73 times
  • The average score is 12 of 14
Answers on the Map
Answers color-coded by a green-red scale on the quiz's map according to % correct below.
 
Answer Stats
Answer % Correct
aibmoloC
95%
aleuzeneV
95%
anitnegrA
92%
ureP
90%
elihC
88%
yaugaraP
88%
anayuG
87%
lizarB
87%
sdnalsI dnalklaF
87%
yaugurU
87%
rodaucE
85%
aiviloB
83%
emaniruS
82%
anaiuG hcnerF
77%
No matching quizzes found
Score Distribution
Percent of People with Each Score
Percentile by Number Answered
Your Score History
You have not taken this quiz